All Glee Songs Season 4! - Statistics

General Stats
  • This quiz has been taken 498 times
  • The average score is 32 of 129
Answer Stats
# Answer % Correct
1 Call Me Maybe
63%
4 New York State Of Mind
58%
21 Don't Speak
54%
23 The Scientist
53%
6 Chasing Pavements
52%
20 Teenage Dream
51%
34 You're The One That I Want
48%
22 Mine
47%
19 Give Your Heart A Break
45%
24 Hopelessly Devoted To You
43%
27 Everybody Talks
42%
5 It's Time
42%
8 Womanizer
41%
9 3
40%
129 All Or Nothing
40%
3 Never Say Never
40%
69 Diva
39%
45 Gangnam Style
39%
30 Look At Me I'm Sandra Dee
38%
11 Oops I Did It Again
38%
37 Holding Out For A Hero
37%
18 Barely Breathing
36%
31 Beauty School Dropout
35%
108 Don't Stop Believin'
35%
12 Gimme More
35%
39 Some Nights
35%
75 Girl On Fire
34%
29 Greased Lightning
34%
38 Heroes
34%
63 Torn
34%
42 Whistle
34%
2 Americano/Dance Again
33%
25 Blow Me One Last Kiss
33%
28 Born To Hand Jive
33%
13 Everytime
33%
36 Superman
33%
51 Don't Dream It's Over
32%
70 Don't Stop Me Now
32%
67 Love Song
32%
60 Tell Him
32%
74 Hung Up
31%
71 Nutbush City Limits
31%
47 All That Jazz
30%
7 Boys/ Boyfriend
30%
14 Every Body Wants To Rule The World
30%
127 Hall Of Fame
30%
66 Let Me Love You
30%
33 There are Worse Things I Could Do
30%
26 Juke Box Hero
29%
98 Wannabe
29%
91 Cold Hearted
28%
89 How To Be A Heartbreaker
28%
101 Mamma Mia
28%
95 Wake Me Up Before You Go-Go
28%
41 Come See About Me
27%
82 Shout
27%
35 Dark Side
26%
128 I Love It
26%
100 Creep
25%
43 Live While We're Young
25%
61 No Scrubs
25%
50 Being Alive
24%
15 Celebrity Skin
24%
83 Come What May
24%
88 Footloose
24%
62 Locked Out Of Heaven
24%
49 O Holy Night
23%
10 Crazy/ You Drive Me Crazy
22%
78 Just Can't Get Enough
22%
53 White Christmas
22%
65 A Thousand Years
21%
77 Getting Married Today
21%
79 We've Got Tonite
21%
97 Against All Odds
19%
73 Bring Him Home
19%
59 Baby Got Back
18%
52 Feliz Navidad
18%
104 Say
18%
117 Superstition
18%
68 This Is The New Year
18%
80 Anything Could Happen
17%
114 At The Ballet
17%
58 I Don't Know How To Love Him
17%
55 Jingle Bell Rock
17%
112 We Will Rock You
17%
92 Bye Bye Bye/ I Want It That Way
16%
111 Everybody Hurts
16%
86 In Your Eyes
16%
44 Let's Have A Kiki/ Turkey Lurkey Time
16%
72 Make No Mistake She's Mine
16%
116 Signed, Sealed, Delivered, I'm Yours
16%
48 Being Good Isn't Good Enough
15%
125 Clarity
15%
94 Closer
15%
85 Diamonds Are A Girl's Best Friend/ Material Girl
15%
46 Somethin' Stupid
15%
102 Your Song
15%
122 For Once In My Life
14%
99 My Prerogative
14%
105 Next To Me
14%
109 Outcast
14%
123 To Love You More
14%
87 Unchained Melody
14%
121 Higher Ground
13%
93 I Still Believe/ Superbass
13%
32 Look At Me I'm Sandra Dee Reprise
13%
103 More Than Words
13%
84 Old Time Rock and Roll/ Danger Zone
13%
126 Wings
13%
107 You Have More Friends Than You Know
13%
113 Little Girls
12%
56 The First Noel
12%
16 The Way You Look Tonight/ You're Never Fully Dressed WIthout A Smile
11%
120 Uptight
11%
76 You're All I Need To Get By
11%
119 I Wish
10%
118 You Are The Sunshine Of My Life
10%
106 Fight For Your Right To Party
9%
115 The Longest Time
9%
81 You're All The World To Me
9%
90 The Bitch Is Back/ Dress You Up
8%
110 You've Lost That Lovin Feelin
7%
124 Rainbow Connection
6%
17 A Change Will Do You Good
5%
54 Oh Hanukkah
5%
64 Centrefold/ Hot In Herre
4%
96 Copacobana
4%
57 Have A Merry Little Christmas
2%
40 Homeward Boung/ Home
1%
No matching quizzes found
Score Distribution
Percent of People with Each Score
Percentile by Number Answered
Your Score History
You have not taken this quiz